000 00834nam a22002657a 4500
001 BR9504636
003 BR-BrBNA
005 20230928094507.0
007 ta
008 230509b bl.||||| |||| 00| 0 por d
040 _aBR-BrBNA
_bpor
_cBiblioteca Nacional de Agricultura
041 _a(Por)
072 _aC20
090 _ C20 BR9504636
110 1 _aEmpresa Brasileira de Assistencia Tecnica e Extensao Rural, Brasilia, DF (Brasil)
111 1 _aEncontro Regional Nordeste de Comunicacao Rural
_cCarpina, PE (Brazil)
_d11-15 1986
245 1 _aSintese do Encontro Regional Nordeste de Comunicacao Rural
260 3 _aBrasilia, DF (Brasil):
_c1986.
300 _a60 p.
650 _aExtensao Rural
650 _aComunicacao de Massa
650 _aRegiao Nordeste
909 _a202309
_bLucia
_c55
_dLucia Elande
942 _cBK
999 _c51011
_d51011